00848cam a22002411 4500001001300000003000400013005001700017008004100034010001700075025001900092040001800111050001800129100004000147245009200187260004200279300003400321350001100355490007500366504003100441650002500472700002600497810008300523sa 68005490 DLC20260227112509.0710915s1965 ii a b 000 0 eng  asa 68005490  aPL480:I-E-8852 aDLCcDLCdDLC00aCJ3549.K4bG81 aGupta, Parmeshwari Lal,d1914-2001.14aThe early coins from Kerala,cby Parameswari Lal Gupta. General editor: N. G. Unnithan. a[Trivandrum]bGovt. of Kerala,c1965. av, iii, 83 p.billus.c21 cm. aRs2.501 aKerala, India (State). Dept. of Archaeology. [Monograph] seriesvno. 1 aBibliographical footnotes. 0aNumismaticszKerala.1 aUnnithan, N. G.,eed.10aKerala, India (State).bDepartment of Archaeology.t[Monograph] seriesvno. 1.